000 00419nam a2200157Ia 4500
008 210716s2017 xx 000 0 und d
020 _a9789386062420
041 _aeng
082 _a374.22 CHAP
100 _aChanda, Pradip.
245 _aRise like a phoenix scripting corporate turnaround.
250 _a1
260 _aNew Delhi
_bSagar Books Promoters
_c2017
300 _axii,171
650 _aGeneral Knowledge
999 _c210610
_d210610